[Event "AUTO-OPEN-2326"]
[Site "http://www.queenalice.com/game.php?id=922810"]
[Date "2011.4.7"]
[Round "1"]
[White "ludimad"]
[Black "tecojp"]
[Result "0-1"]
[WhiteElo "1172"]
[BlackElo "1100"]

1. g3 Nf6 2. Bh3 g6 3. e3 Bg7 4. f4 O-O 5. Nc3 d6 6. Nf3 Bxh3 7. d4 Bg2 8. Rf1
Bxf1 9. Kxf1 Nc6 10. Bd2 Re8 11. h3 e5 12. d5 Nb4 13. e4 exf4 14. g4 Nxe4 15. a3
Bxc3 16. bxc3 Nxd5 17. Qe2 Ng3+ 0-1

[Event "AUTO-OPEN-2326"]
[Site "http://www.queenalice.com/game.php?id=922811"]
[Date "2011.4.7"]
[Round "1"]
[White "tecojp"]
[Black "ludimad"]
[Result "0-1"]
[WhiteElo "1336"]
[BlackElo "1237"]

1. Nf3 b6 2. g3 Nh6 3. Bg2 e6 4. O-O d5 5. d3 Nc6 6. e4 Be7 7. Nbd2 O-O 8. Re1
a5 9. Nb3 Ne5 10. Nxe5 Bf6 11. Nc6 Qd7 12. exd5 Qd6 13. dxe6 Qxe6 14. Rxe6 Bxe6
15. Bxh6 gxh6 16. Ncd4 Rae8 17. Nxe6 Rxe6 18. Qg4+ Bg5 0-1

[Event "AUTO-OPEN-2326"]
[Site "http://www.queenalice.com/game.php?id=922828"]
[Date "2011.4.7"]
[Round "1"]
[White "danielporrasarias"]
[Black "tecojp"]
[Result "1-0"]
[WhiteElo "1744"]
[BlackElo "1383"]

1. e4 c5 2. Bc4 d6 3. d4 cxd4 4. Qxd4 Nc6 5. Qc3 Nf6 6. Bg5 Nxe4 7. Qe3 Qa5+ 8.
c3 Nxg5 9. Nf3 Nxf3+ 10. Qxf3 Ne5 11. Qf4 Nxc4 12. Qxc4 Qe5+ 13. Kf1 Bd7 14. Nd2
Bb5 15. Re1 Bxc4+ 16. Nxc4 Qb5 17. b3 d5 18. Re5 e6 19. Kg1 1-0

[Event "AUTO-OPEN-2326"]
[Site "http://www.queenalice.com/game.php?id=922829"]
[Date "2011.4.7"]
[Round "1"]
[White "tecojp"]
[Black "danielporrasarias"]
[Result "0-1"]
[WhiteElo "1381"]
[BlackElo "1746"]

1. Nf3 d5 2. g3 Nc6 3. Bg2 Bf5 4. O-O e5 5. d3 e4 6. dxe4 dxe4 7. Qxd8+ Rxd8 8.
Ng5 Nf6 9. Nc3 Rd4 10. Be3 Rd8 11. Rad1 Bd6 12. Ngxe4 Bxe4 13. Nxe4 Nxe4 14.
Bxe4 O-O 15. Bxc6 bxc6 16. Rd3 Rb8 17. b3 Rfe8 18. Rc3 c5 0-1

[Event "AUTO-OPEN-2328"]
[Site "http://www.queenalice.com/game.php?id=923861"]
[Date "2011.4.9"]
[Round "1"]
[White "tecojp"]
[Black "jbumgarjr"]
[Result "0-1"]
[WhiteElo "1390"]
[BlackElo "1614"]

1. e4 e5 2. Nf3 Nc6 3. g3 d6 4. Bg2 Bg4 5. h3 Bh5 6. O-O Nf6 7. d3 Nd4 8. g4 Bg6
9. Nh4 Be7 10. Nxg6 hxg6 11. Nc3 Nd7 12. f4 a6 13. Nd5 Nf6 14. Nxe7 Qxe7 15. c3
Ne6 16. f5 gxf5 17. Rxf5 Nf4 18. Bxf4 exf4 19. Rxf4 O-O 20. Qb3 b6 0-1

[Event "AUTO-OPEN-2328"]
[Site "http://www.queenalice.com/game.php?id=923862"]
[Date "2011.4.9"]
[Round "1"]
[White "jbumgarjr"]
[Black "tecojp"]
[Result "1-0"]
[WhiteElo "1606"]
[BlackElo "1399"]

1. d4 f5 2. c4 e6 3. Nf3 d5 4. c5 c6 5. Bg5 Nf6 6. e3 Be7 7. h4 Nbd7 8. Bd3 O-O
9. O-O Ne4 10. Bxe7 Qxe7 11. g3 h6 12. Ne5 Nxe5 13. Bc2 Nc4 14. Qc1 Bd7 15. Bxe4
fxe4 16. b3 Na5 17. Nd2 g5 18. hxg5 Qxg5 19. Kg2 e5 20. Qd1 Bg4 21. Qc2 Qh5 22.
b4 1-0

[Event "AUTO-OPEN-2328"]
[Site "http://www.queenalice.com/game.php?id=923863"]
[Date "2011.4.9"]
[Round "1"]
[White "tecojp"]
[Black "miltonlovisk"]
[Result "0-1"]
[WhiteElo "1399"]
[BlackElo "1823"]

1. Nf3 Nc6 2. g3 e5 3. d3 Bc5 4. Bg2 Qf6 5. O-O d6 6. Bg5 Qg6 7. e4 Bg4 8. Nc3
Bxf3 9. Qxf3 Qxg5 10. h4 Qd8 11. Nd5 Nce7 12. Nxe7 Nxe7 13. Qh5 Qd7 14. Kh1 Qe6
15. f4 O-O-O 16. f5 Qh6 17. Qxf7 Rhf8 0-1

[Event "AUTO-OPEN-2328"]
[Site "http://www.queenalice.com/game.php?id=923864"]
[Date "2011.4.9"]
[Round "1"]
[White "miltonlovisk"]
[Black "tecojp"]
[Result "1-0"]
[WhiteElo "1821"]
[BlackElo "1399"]

1. e4 c5 2. Nf3 d6 3. Nc3 Nf6 4. d4 cxd4 5. Nxd4 a6 6. Qf3 Bg4 7. Qg3 e6 8. Bg5
Nbd7 9. h4 h6 10. Bxf6 Nxf6 11. f3 Bh5 12. O-O-O d5 13. exd5 Nxd5 14. Nde2 Qc7
15. Qf2 Nxc3 16. Nxc3 Bc5 17. Qe1 Qf4+ 18. Kb1 1-0

[Event "AUTO-OPEN-2333"]
[Site "http://www.queenalice.com/game.php?id=926446"]
[Date "2011.4.15"]
[Round "1"]
[White "tecojp"]
[Black "leduar"]
[Result "0-1"]
[WhiteElo "1336"]
[BlackElo "2014"]

1. d4 Nf6 2. e3 g6 3. f4 d6 4. Nd2 c5 5. c3 Bg7 6. Ngf3 O-O 7. Bd3 Bg4 8. h3
Bxf3 9. Qxf3 Nc6 10. g4 cxd4 11. exd4 e5 0-1

[Event "AUTO-OPEN-2333"]
[Site "http://www.queenalice.com/game.php?id=926459"]
[Date "2011.4.15"]
[Round "1"]
[White "carlospianista"]
[Black "tecojp"]
[Result "1-0"]
[WhiteElo "1969"]
[BlackElo "1399"]

1. d4 f5 2. c4 e6 3. Nc3 d5 4. cxd5 exd5 5. Bf4 Nf6 6. Nf3 Bb4 7. e3 Ne4 8. Qb3
Nc6 9. Bb5 Qe7 10. O-O Bxc3 11. bxc3 1-0

[Event "AUTO-OPEN-2333"]
[Site "http://www.queenalice.com/game.php?id=926460"]
[Date "2011.4.15"]
[Round "1"]
[White "tecojp"]
[Black "carlospianista"]
[Result "0-1"]
[WhiteElo "1399"]
[BlackElo "1967"]

1. f4 d5 2. d4 Nf6 3. Nd2 Nc6 4. e3 Bf5 5. c3 a6 6. Ngf3 h6 7. h3 e6 8. g4 Bh7
9. Ne5 Nxe5 10. fxe5 Ne4 11. Nxe4 Bxe4 0-1